Ngôn ngữ thơ Việt Nam

NV Ngôn ngữ văn chương

Đã lưu trong:
Sonraí Bibleagrafaíochta
Príomhúdar: Hữu Đạt
Formáid: Leabhar
Teanga:Undetermined
Foilsithe: H. Giáo dục 1996
Ábhair:
Rochtain Ar Líne:http://lrc.tdmu.edu.vn/opac/search/detail.asp?aID=2&ID=6989
Clibeanna: Cuir Clib Leis
Gan Chlibeanna, Bí ar an gcéad duine leis an taifead seo a chlibeáil!
Thư viện lưu trữ: Trung tâm Học liệu Trường Đại học Thủ Dầu Một
LEADER 00624nam a2200205Ia 4500
001 TDMU_6989
008 210410s9999 xx 000 0 und d
082 |a 895.922 1009 
090 |b H566 
100 |a Hữu Đạt 
245 0 |a Ngôn ngữ thơ Việt Nam 
245 0 |c Hữu Đạt 
260 |a H. 
260 |b Giáo dục 
260 |c 1996 
300 |a 272tr 
520 |a NV Ngôn ngữ văn chương 
650 |a Ngôn ngữ; Thơ; Việt Nam 
856 |u http://lrc.tdmu.edu.vn/opac/search/detail.asp?aID=2&ID=6989 
980 |a Trung tâm Học liệu Trường Đại học Thủ Dầu Một